Tous les buteurs de l'équipe de France sous Didier Deschamps - Statistiques

Statistiques générales
  • Ce quiz a été pris 96 fois
  • Le résultat moyen est 47 sur 59
Statistiques - réponses
Total buts Poste Joueur Clubs Marquants % Correct
44 Attaquant Antoine Griezmann
100%
56 Attaquant Kylian Mbappé
100%
56 Attaquant Olivier Giroud
100%
7 Attaquant Ousmane Dembélé
100%
5 Défenseur Benjamin Pavard
99%
21 Attaquant Karim Benzema
99%
11 Milieu Paul Pogba
98%
7 Milieu Adrien Rabiot
96%
8 Milieu Dimitri Payet
96%
9 Attaquant Randal Kolo Muani
96%
5 Défenseur Raphaël Varane
96%
3 Milieu Aurélien Tchouaméni
95%
2 Milieu Corentin Tolisso
95%
3 Attaquant Marcus Thuram
94%
4 Attaquant Michael Olise
94%
2 Milieu N'Golo Kanté
94%
6 Attaquant Franck Ribéry
93%
8 Attaquant Kingsley Coman
93%
9 Milieu Blaise Matuidi
91%
2 Attaquant Florian Thauvin
91%
2 Milieu Nabil Fekir
91%
4 Défenseur Samuel Umtiti
91%
2 Défenseur Dayot Upamecano
90%
2 Milieu Eduardo Camavinga
90%
2 Défenseur Théo Hernandez
90%
3 Attaquant Alexandre Lacazette
89%
3 Attaquant André-Pierre Gignac
89%
2 Attaquant Anthony Martial
88%
2 Attaquant Désiré Doué
87%
4 Milieu Thomas Lemar
87%
3 Attaquant Wissam Ben Yedder
85%
6 Attaquant Mathieu Valbuena
84%
3 Attaquant Bradley Barcola
82%
2 Attaquant Jean-Philippe Mateta
79%
1 Milieu Rayan Cherki
79%
2 Attaquant Christopher Nkunku
78%
2 Attaquant Hugo Ekitiké
78%
2 Milieu Mattéo Guendouzi
78%
1 Milieu Warren Zaïre-Emery
77%
2 Défenseur Jonathan Clauss
74%
3 Milieu Yohan Cabaye
74%
3 Milieu Youssouf Fofana
74%
1 Milieu Samir Nasri
73%
2 Milieu Moussa Sissoko
70%
1 Défenseur Laurent Koscielny
68%
1 Défenseur Clément Lenglet
67%
2 Défenseur Mamadou Sakho
67%
2 Attaquant Kévin Gameiro
66%
1 Défenseur Kurt Zouma
59%
1 Attaquant Maghnes Akliouche
59%
1 Attaquant Bafétimbi Gomis
57%
1 Milieu Etienne Capoue
54%
1 Défenseur Christophe Jallet
52%
1 Défenseur Djibril Sidibé
50%
3 Attaquant Loïc Rémy
50%
1 Défenseur Layvin Kurzawa
46%
1 Défenseur Mathieu Debuchy
46%
1 Attaquant Jonathan Ikoné
44%
1 Milieu Abou Diaby
38%
Aucun quiz correspondant
Distribution des résultats
% des personnes avec chaque résultat
Percentile par nombre de réponses
Votre historique - résultats
Vous n’avez pas pris ce quiz